A Fiscal Theory of the Currency Risk Premium and of Sterilized Intervention /

This paper develops a dynamic stochastic general equilibrium monetary portfolio choice model that accomplishes two objectives. First, it provides a theory of currency risk premia based on a weak and plausible form of fiscal nonneutrality. Domestic and foreign bonds become imperfect substitutes, the...

Celý popis

Podrobná bibliografie
Hlavní autor: Kumhof, Michael
Další autoři: Nieuwerburgh, Stijn van
Médium: Časopis
Jazyk:English
Vydáno: Washington, D.C. : International Monetary Fund, 2002.
Edice:IMF Working Papers; Working Paper ; No. 2002/029
On-line přístup:Full text available on IMF
LEADER 01731cas a2200253 a 4500
001 AALejournalIMF001850
008 230101c9999 xx r poo 0 0eng d
020 |c 5.00 USD 
020 |z 9781451844818 
022 |a 1018-5941 
040 |a BD-DhAAL  |c BD-DhAAL 
100 1 |a Kumhof, Michael. 
245 1 2 |a A Fiscal Theory of the Currency Risk Premium and of Sterilized Intervention /  |c Michael Kumhof, Stijn van Nieuwerburgh. 
264 1 |a Washington, D.C. :  |b International Monetary Fund,  |c 2002. 
300 |a 1 online resource (44 pages) 
490 1 |a IMF Working Papers 
500 |a <strong>Off-Campus Access:</strong> No User ID or Password Required 
500 |a <strong>On-Campus Access:</strong> No User ID or Password Required 
506 |a Electronic access restricted to authorized BRAC University faculty, staff and students 
520 3 |a This paper develops a dynamic stochastic general equilibrium monetary portfolio choice model that accomplishes two objectives. First, it provides a theory of currency risk premia based on a weak and plausible form of fiscal nonneutrality. Domestic and foreign bonds become imperfect substitutes, the uncovered interest parity condition is replaced with a portfolio balance equation, and the central bank can separately choose the growth rate of its nominal anchor and the domestic bond interest rate. Second, it can turn be shown that, and how, sterilized intervention affects equilibrium allocations and prices. 
538 |a Mode of access: Internet 
700 1 |a Nieuwerburgh, Stijn van. 
830 0 |a IMF Working Papers; Working Paper ;  |v No. 2002/029 
856 4 0 |z Full text available on IMF  |u http://elibrary.imf.org/view/journals/001/2002/029/001.2002.issue-029-en.xml  |z IMF e-Library